000 00827nam a22002897a 4500
001 9246
003 FISKH
005 20251204152958.0
008 251204b cb ||||| |||| 00| 0 eng d
020 _a9780836840896
040 _aFISKH
_beng
_cFISKH
_dFISKH
050 _aGC21 .H6813
082 _a551.46
100 _aHolland, Gini
_eAuthor
245 _aI live near the ocean :
_bWhere I live /
_cby Gini Holland
260 _aNew York :
_bWeekly Reader ,
_c2004
300 _a24 pages :
_bcolor illustrations ;
_c18 cm
490 _aWhere I live
505 _aJ
520 _aA child describes what it is like to live near the ocean.
521 8 _a520
_bLexile estimate
521 8 _aJ
_bRaz-Plus
650 _aEveryday life
_vOcean
650 _aCommunity
_vFamily
942 _2ddc
_cBK
_n0
999 _c9246
_d9246